000
00246nam a2200097Ia 4500
008
120527s9999 xx 000 0 und d
100
_a
WARR,Wendy.
245
_a
Directory of chemistry software 1992.
260
_b
Cherwell scientific.
942
_c
BK
999
_c
24028
_d
24028